[Event "23rd ECC Men"]
[Site "Kemer TUR"]
[Date "2007.10.09"]
[Round "7"]
[White "Harikrishna,P"]
[Black "David,Alb"]
[Result "1-0"]
[WhiteElo "2668"]
[BlackElo "2536"]
[EventDate "2007.10.03"]

1. d4 Nf6 2. Nf3 d5 3. c4 e6 4. Nc3 Be7 5. Bf4 O-O 6. e3 c5 7. dxc5 Bxc5 8.
a3 Nc6 9. Qc2 Qa5 10. Nd2 Be7 11. Bg3 Bd7 12. Be2 Rfc8 13. O-O Qd8 14. b4
a6 15. Qd3 dxc4 16. Nxc4 b5 17. Nd6 Bxd6 18. Bxd6 Ne7 19. e4 Bc6 20. Rfd1
Ra7 21. Qe3 Rd7 22. Bg3 Ng6 23. a4 e5 24. axb5 axb5 25. f3 Rxd1+ 26. Rxd1
Qe7 27. Rb1 Qb7 28. Bf1 Be8 29. Rc1 h6 30. Ne2 Nh5 31. Rxc8 Qxc8 32. Nc3
Ngf4 33. Bf2 Qa6 34. Qa7 Qe6 35. Qb6 Qb3 36. Qc5 Nf6 37. Qxe5 Qxb4 38. Nxb5
Bxb5 39. Qxb5 Qd2 40. Qb8+ Kh7 41. Qb1 Nd7 42. Qe1 Qb2 43. Be3 Ne6 44. Qd2
Qxd2 45. Bxd2 g5 46. Kf2 Kg6 47. g3 Ng7 48. f4 gxf4 49. gxf4 f5 50. e5 Nc5
51. Ke3 Nce6 52. Bc4 Kf7 53. Bb4 Kg6 54. Ba2 Kf7 55. Ba3 Kg6 56. Bd5 Kf7
57. Bc1 Nh5 58. Kf3 Nhg7 59. Kg3 Kg6 60. Bd2 Kf7 61. Kf3 Nh5 62. Bc1 Nhg7
63. Ba3 Kg6 64. Ke3 Kf7 65. Ba2 Kg6 66. Bc1 Kf7 67. Kd3 Nh5 68. Ke2 Ke7 69.
Kf3 Kf7 70. Bd2 Nhg7 71. Ke3 Nh5 72. Kd3 Ke7 73. Kc4 Nhxf4 74. Bb1 Ng6 75.
Bb4+ Kf7 76. Kd5 Nc7+ 77. Kc6 Ne6 78. Ba2 f4 79. Kd6 Ngf8 80. Be1 1-0

[Event "23rd ECC Men"]
[Site "Kemer TUR"]
[Date "2007.10.09"]
[Round "7"]
[White "Briscoe,C"]
[Black "Bergsson,Sn"]
[Result "0-1"]
[WhiteElo "2273"]
[BlackElo "2298"]
[EventDate "2007.10.03"]

1. e4 c6 2. d4 d5 3. e5 c5 4. dxc5 Nc6 5. Bb5 e6 6. Be3 Nge7 7. Nf3 Bd7 8.
Bd3 Qc7 9. O-O Nxe5 10. Nxe5 Qxe5 11. c3 Nf5 12. Re1 Nxe3 13. Rxe3 Qf6 14.
Rf3 Qe7 15. b4 g6 16. Nd2 Bg7 17. Rb1 O-O 18. c4 d4 19. Ne4 f5 20. Nd6 b6
21. Bf1 bxc5 22. bxc5 Bc6 23. Ra3 e5 24. Ra6 Qd7 25. Qd2 e4 26. Qf4 d3 27.
Nb5 Qb7 28. Ra3 a6 29. Nc3 Qd7 30. Qd6 Rfd8 31. Rb6 Bxc3 32. Rxc6 d2 33.
Be2 Qxc6 0-1

[Event "23rd ECC Men"]
[Site "Kemer TUR"]
[Date "2007.10.09"]
[Round "7"]
[White "Ochsner,B"]
[Black "Huesmann,T"]
[Result "0-1"]
[WhiteElo "1879"]
[BlackElo "2261"]
[EventDate "2007.10.03"]

1. e4 e5 2. Nf3 Nc6 3. Bb5 a6 4. Ba4 Nf6 5. O-O Nxe4 6. d4 b5 7. Bb3 d5 8.
dxe5 Be6 9. Nbd2 Nc5 10. c3 Bg4 11. Bc2 Be7 12. h3 Bh5 13. Re1 Qd7 14. Nb3
Ne6 15. Qd3 Bg6 16. Qe2 O-O 17. Nbd4 Ncd8 18. Rd1 c6 19. Nf5 Bc5 20. g4 Re8
21. h4 h5 22. N3d4 Nf8 23. gxh5 Bxd4 24. hxg6 Bxe5 25. gxf7+ Nxf7 26. Qg4
Bf6 27. h5 Kh8 28. Kh1 Ne5 29. Qh3 Nh7 30. Rg1 Rf8 31. Rg3 Rae8 32. Bf4 Nf7
33. Rag1 Re7 0-1

[Event "23rd ECC Men"]
[Site "Kemer TUR"]
[Date "2007.10.09"]
[Round "7"]
[White "Lanneau,B"]
[Black "Keogh,E"]
[Result "1-0"]
[WhiteElo "2167"]
[BlackElo "2095"]
[EventDate "2007.10.03"]

1. e4 e5 2. Nf3 d6 3. d4 exd4 4. Nxd4 Nf6 5. Nc3 Be7 6. Bc4 O-O 7. O-O Nc6
8. Re1 Nxd4 9. Qxd4 Be6 10. Bf4 Nh5 11. Be3 Bf6 12. Qd3 Be5 13. g3 g5 14.
Qe2 Bxc4 15. Qxc4 c6 16. Ne2 Qe7 17. Nd4 Ng7 18. c3 Kh8 19. Rad1 g4 20. Bh6
Qf6 21. Be3 a6 22. Qd3 c5 23. Ne2 Ne6 24. Rf1 Rg8 25. Bc1 Qg6 26. f4 gxf3
27. Rxf3 Rad8 28. Nf4 Qg7 29. Nd5 f6 30. Rdf1 Rgf8 31. Kg2 Nc7 32. Ne3 Qf7
33. c4 Ne6 34. R3f2 Bd4 35. Rf5 Ng7 36. R5f3 Rde8 37. Nd5 Qg6 38. b3 Nh5
39. Be3 Qxe4 40. Bxd4 cxd4 41. Rd1 b5 42. Qxd4 bxc4 43. bxc4 Qc2+ 44. Rd2
Re2+ 45. Rxe2 Qxe2+ 46. Rf2 Qe5 47. Qxe5 dxe5 48. g4 Nf4+ 49. Nxf4 exf4 50.
Rxf4 Kg7 51. c5 Rc8 52. Rc4 Rc6 53. Kf3 Kf7 54. Ke4 Ke6 55. Rc3 a5 56. Kd4
Rc8 57. Re3+ Kd7 58. Kd5 Rb8 59. Re6 Rg8 60. c6+ Kc8 61. h3 h5 62. gxh5
Rd8+ 63. Kc5 Rd2 64. h6 1-0

[Event "23rd ECC Men"]
[Site "Kemer TUR"]
[Date "2007.10.09"]
[Round "7"]
[White "Edvardsson,K"]
[Black "Brunner,W"]
[Result "1-0"]
[WhiteElo "2266"]
[BlackElo "2171"]
[EventDate "2007.10.03"]

1. e4 d5 2. exd5 Qxd5 3. Nc3 Qa5 4. Bc4 Nf6 5. d4 Nc6 6. Nge2 e5 7. d5 Nb4
8. Bd2 Qc5 9. Bb5+ c6 10. dxc6 bxc6 11. Ba4 Bd7 12. a3 Nbd5 13. b4 Qb6 14.
O-O Be7 15. Bb3 O-O 16. Ng3 Rfe8 17. Na4 Qc7 18. c4 Nf4 19. c5 Rad8 20. Qc2
g6 21. Bc3 Bf8 22. Rad1 Bg4 23. f3 Be6 24. Rfe1 Rxd1 25. Qxd1 Bxb3 26. Qxb3
N6d5 27. Ba1 f5 28. Nb2 Bg7 29. Nc4 Re7 30. Nd6 Kf8 31. Nf1 Qd7 32. g3 Nh3+
33. Kg2 f4 34. g4 Ng5 35. h4 Nf7 36. Nxf7 Rxf7 37. Bxe5 Re7 38. Bxg7+ Kxg7
39. Qb2+ Kf7 40. Re5 Qc7 41. Re4 Rxe4 42. fxe4 Nf6 43. Qb3+ Ke7 44. Qf3 Qe5
45. Nd2 h5 46. g5 Ng4 47. Qd3 Qe6 48. Qd6+ Qxd6 49. cxd6+ Kxd6 50. Nc4+ Ke6
51. Kf3 Ne5+ 52. Nxe5 Kxe5 53. a4 a6 54. a5 Kd4 55. Kxf4 Kc4 56. Ke3 Kxb4
57. e5 1-0